000 00635nam a2200193Ii 4500
003 JO-AjNU
008 230605s9999||||xx |||||||||||||| ||und||
040 _aJO-AjNU
_bara
_erda
_cJO-AjNU
041 _aara
050 1 4 _aR128.3.I27 1985
100 3 _aابن سينا,
_eauthor
_939619
245 0 0 _aدفع المضار الكلية عن الابدان الانسانية
264 3 1 _aبيروت:دار احياء العلوم ، 1985
300 _a144ص
336 _atext
_btxt
_2rdacontent
337 _aunmediated
_bn
_2rdamedia
338 _avolume
_bnc
_2rdacarrier
650 4 _aالطب -البلاد العربية
_939620
999 _aA16747
_c20315
_d20315